Demolicin̤, reposicin̤ y comiso en los delitos urbans̕ticos

Bibliographic Details
Main Author: Martn̕ez Rodrg̕uez, Jos ̌Antonio
Format: eBook
Language:Spanish
Published: Barcelona: J.M. Bosch Editor, 2020
Subjects:
Online Access:Acceso restringido

MARC

LEADER 00000nam a22000007a 4500
005 20200608180859.0
007 cr|||| ||||
008 200608s2020 es |||||s|||| 00||0 spa d
020 |a 978-84-121376-7-5 
035 |a 31716 
040 |a vLex 
090 |c 10574  |d 10574 
100 1 |a Martn̕ez Rodrg̕uez, Jos ̌Antonio 
245 1 0 |a Demolicin̤, reposicin̤ y comiso en los delitos urbans̕ticos  |h [Recurso electrn̤ico] /  |c Jos ̌Antonio Martn̕ez Rodrg̕uez 
256 |a Servicio en ln̕ea 
260 |a Barcelona:  |b J.M. Bosch Editor,  |c 2020 
300 |a 1 recurso electrn̤ico 
500 |a Esta monografa̕ gira en torno a las consecuencias jurd̕icas de los delitos sobre la ordenacin̤ del territorio y el urbanismo regulado en el artc̕ulo 319.3 CP, despuš de la l︢tima reforma operada mediante Ley Orgǹica 1/2015, de 30 de marzo, por la que se modifica la Ley Orgǹica 10/1995, de 23 de noviembre, del Cd̤igo Penal, como es la condena de demolicin̤ de la obra ilegalmente construida, la reposicin̤ a su estado originario de la realidad fs̕ica alterada, y el decomiso de las ganancias provenientes del delito urbans̕tico cualesquiera que sean las transformaciones. En este trabajo se hace un estudio en profundidad del bien jurd̕ico protegido, del principio de intervencin̤ mn̕ima o l︢tima ratio y la responsabilidad civil ante la demolicin̤. Asimismo, tambiň se aborda de manera minuciosa la ejecucin̤ de las sentencias por la comisin̤ de los delitos urbans̕ticos contenidos en los apartados primero y segundo del artc̕ulo 319 CP, la inactividad de la administracin̤, y los plazos para la ejecucin̤ de la demolicin̤ dictada por sentencia firme en la jurisdiccin̤ penal o en el procedimiento de restauracin̤ de la legalidad urbans̕tica. Como novedad se hace un anl̀isis jurd̕ico sobre la institucin̤ de la figura de la declaracin̤ de Asimilado a Fuera de Ordenacin̤ (AFO), despuš de la aprobacin̤ por el gobierno andaluz del Decreto Ley 3/2019, de 24 de septiembre, de medidas urgentes para la adecuacin̤ ambiental y territorial de las edificaciones irregulares en la Comunidad Autn̤oma de Andaluca̕, donde esta normativa viene a regular el tratamiento de las edificaciones irregulares sobre las que ya no cabe adoptar legalmente medidas de restablecimiento del orden jurd̕ico perturbado y de ejercicio de la potestad de proteccin̤ de la legalidad urbans̕tica por haber trascurrido los plazos establecidos. Y finalmente se realiza un estudio minucioso de todo el iter cronolg̤ico judicial en lo referente al periplo que rodea la construccin̤ del colosal hotel “El Algarrobico”. Por ello, en base al contenido cientf̕ico, a la jurisprudencia estudiada y plasmada en este trabajo, as ̕como a la prolija bibliografa̕ referenciada, este estudio es un instrumento idn̤eo para aquellas personas que operan cada da̕ en la aplicacin̤ e interpretacin̤ de los tipos delictivos cometidos sobre la ordenacin̤ del territorio y el urbanismo. 
506 1 |a Disponible solo en los productos indicados  |d vLex Global  |d vLex Global (Academic Edition, excluding Law Schools)  |d vLex Global (U.S. Academic Edition, Law Schools)  |d vLex Global (U.S. Academic Edition, excluding Law Schools)  |d vLex Global (Academic Edition, Law Schools) 
650 0 4 |a Derecho Pb︢lico y Administrativo  |z Espaą 
650 0 4 |a Procedimiento Penal  |z Espaą 
740 0 |a vLex Libros (Servicio en ln̕ea) 
856 4 0 |u http://vlex.com/source/demolicion-reposicion-y-comiso-en-los-delitos-urbanisticos-31716  |z Acceso restringido 
942 |c BOOK 
999 0 |a Public and Administrative Law 
999 0 |a Criminal Procedure